Twenty One Pilots - Trench Lyrics Quiz - Statistics

General Stats
  • This quiz has been taken 701 times
  • The average score is 9 of 14
Answer Stats
Lyrics Song % Correct
The moment is medical Chlorine
100%
Fall out of formation Chlorine
100%
(Can you build my house with pieces?) Chlorine
100%
(I'm just a chemical) Chlorine
100%
Pressures of a new place roll my way Jumpsuit
100%
Spirits in my room, friend or foe? Jumpsuit
100%
Dusting off my, jumpsuit Jumpsuit
100%
I know how to levitate up off my feet Levitate
100%
Learn to levitate with just a little help Levitate
100%
He'll always try to stop me, that Nicolas Bourbaki Morph
100%
You're facing down a dark hall My Blood
100%
I'll grab my light My Blood
100%
Stay with me, my blood My Blood
100%
Neon gravestones try to call Neon Gravestones
100%
Neon gravestones try to call for my bones Neon Gravestones
100%
And could it be true that some could be tempted Neon Gravestones
100%
I'm careless when I wear my rebel clothes Nico And The Niners
100%
I'm so high, my jumpsuit takes me so high Nico And The Niners
100%
We'll win but not everyone will get out Nico And The Niners
100%
I've got a pet cheetah down in my basement Pet Cheetah
100%
I've raised him, and bathed him, and named him Jason Statham Pet Cheetah
100%
Now my pet cheetah's quicker in the studio than on his feet Pet Cheetah
100%
I'll record my step through for my basement tapes The Hype
100%
Nice to know my kind will be on my side The Hype
100%
I don't believe the hype The Hype
100%
Just don't believe the hype The Hype
100%
Sippin' on straight chlorine Chlorine
94%
(Cover me) Jumpsuit
94%
I'm heavy, my jumpsuit is on steady Nico And The Niners
94%
The lead is terrible in flavor Chlorine
93%
I cut my lip Cut My Lip
93%
You can learn to levitate with just a little help Levitate
93%
And go with you My Blood
93%
East is up Nico And The Niners
93%
For you, I know, I would get messed up, weigh 153 Smithereens
93%
You're a legend in my own mind Legend
92%
I'll jump right in My Blood
92%
I'm flying from a fire Nico And The Niners
92%
Pay some respects for the path that they paved Neon Gravestones
91%
To life they were dedicated now, that should be celebrated Neon Gravestones
91%
Sahlo Folina Bandito
90%
This beat is a chemical Chlorine
90%
I can't believe how much I hate Jumpsuit
90%
Just keep it outside, keep it outside My Blood
90%
We give them the highest of praise Neon Gravestones
90%
For you, I know they think it's messed up to sell out for your girl Smithereens
90%
I'm a bandito Bandito
89%
Rust around the rim drink it anyway Cut My Lip
89%
Even though it's me I abuse Cut My Lip
89%
You were one of those classic ones Legend
89%
Come down, come down Levitate
89%
Lights they blink to me, transmitting things to me Morph
89%
You must defend My Blood
89%
I'll mourn for a kid, but won't cry for a king Neon Gravestones
89%
I'm not disrespecting what was left behind Neon Gravestones
89%
I'm flying from a fire, from Nico and the Niners Nico And The Niners
89%
And you in my life is like Chlorine
88%
(I've been tested like the ends of) Chlorine
88%
Pressures of a new place roll my way Jumpsuit
88%
But this year, though I'm far from home Leave the City
88%
I got back what I once bought back Levitate
88%
And 'around' is scientific miracle, let's pick 'above' and see Morph
88%
I'll morph to someone else Morph
88%
Deserts your fight My Blood
88%
Stay with me My Blood
88%
Do they know I was grown with you? My Blood
88%
Underneath the insane asylum Neon Gravestones
88%
Well, they get a fraction Neon Gravestones
88%
Rent a race horse and force a sponsor Nico And The Niners
88%
Jumpsuit, jumpsuit, cover me Jumpsuit
86%
Anybody listening? Ones and zeroes Morph
86%
My opinion, our culture can treat a loss Neon Gravestones
86%
I'm lighter when I'm lower Nico And The Niners
86%
But now you double as a paper maker Chlorine
85%
If you find yourself in lion's den My Blood
85%
I could go out with a bang, they would know my name Neon Gravestones
85%
For you, I'd go write a slick song just to show you the world Smithereens
85%
I crumble underneath the weight Jumpsuit
83%
I'll grab my bat My Blood
83%
Now different lives I lead, my body lives on lead Chlorine
82%
(I'm so sorry I forgot you) Chlorine
82%
I'll keep on tryin', might as well Cut My Lip
82%
Dema don't control us Nico And The Niners
82%
I'm higher when I'm heavy Nico And The Niners
82%
Someone stepping towards you Smithereens
82%
For you, I would get beat to smithereens Smithereens
82%
I could take the high road Bandito
81%
But I recently discovered it's a heatless fire Bandito
80%
Grows while I decay Chlorine
80%
But a curse from you is all that I would need right now, man Levitate
80%
But until that time, I'll try to sing this Morph
80%
An earlier grave is an optional way, no Neon Gravestones
80%
I'll sit here 'til I find the problem Pet Cheetah
80%
Lovin' what I'm tastin' Chlorine
79%
I wish she knew you Legend
79%
Josh Dun Morph
79%
I'll go with you My Blood
79%
When Bishops come together they will know that Nico And The Niners
79%
(Let me catch you up to speed) Chlorine
78%
Though I am bruised, face of contusions Cut My Lip
78%
Blood is on my tongue Cut My Lip
78%
And everyone's asleep, mind you Levitate
78%
Count to infinity Morph
78%
And you know, I never look for conflict for the thrill Smithereens
78%
Hide you in my coat pocket, where I kept my rebel red Chlorine
77%
Last year, I needed change of pace Leave the City
77%
For if and when we go 'above, ' the question still remains Morph
77%
Thinking "I'll teach them, " well, I'm refusing the lesson Neon Gravestones
77%
You know, I'll be in the corner taking notes Smithereens
77%
My interior world needs to sanitize The Hype
77%
Your exterior world can step off instead The Hype
76%
Let the vibe slide over me Chlorine
75%
Poisonous vibrations Chlorine
75%
Rebel red carnation Chlorine
75%
I'm tired of tending to this fire Leave the City
75%
I am a vulture who feeds on pain Levitate
75%
Wait, habits here too, you're the worst your structure compensates Levitate
75%
Not done, not done, not done Morph
75%
People posted up at the end of your driveway My Blood
75%
Save your razorblades now, not yet Nico And The Niners
75%
What a beautiful day for making a break for it Nico And The Niners
75%
You know, I've always been collected, calm and chill Smithereens
75%
For you, I'd go step to a dude much bigger than me Smithereens
75%
No, I don't know which way I'm going The Hype
75%
I created this world to feel some control Bandito
73%
Better test it, wooden wedges under doorways Levitate
73%
Well, I want you to follow me down to the bottom Neon Gravestones
73%
Promise me this Neon Gravestones
73%
Could we give this some room for a new point of view? Neon Gravestones
73%
A form of succession, a form of a weapon Neon Gravestones
73%
No, I move slow Pet Cheetah
73%
You know I had to do one on the record for you Smithereens
73%
This is the sound we make Bandito
72%
Where are we used to bleed Bandito
71%
But I'm still not sure if fear's a rival or close relative to truth Bandito
71%
I'll stop my plans Jumpsuit
71%
I'm sorry I did not visit Legend
71%
If I keep moving, they won't know Morph
71%
My opinion will not be lenient Neon Gravestones
71%
To use this mistake as a form of aggression Neon Gravestones
71%
Maybe we swap out what it is that we hold so high Neon Gravestones
71%
Maybe from all the money we made razorblade stores Nico And The Niners
71%
He told me I'm a copy Morph
70%
And start a concert, a complete diversion Nico And The Niners
70%
Destroy it if I want so I sing Sahlo Folina Bandito
69%
In Trench, I'm not alone Leave the City
69%
They're smirking at first blood, they're circling above Levitate
69%
Defense mechanism mode Morph
69%
Surrounded and up against a wall My Blood
69%
Help my body run Chlorine
68%
When I leave, don't save my seat Chlorine
67%
I'll be back when it's all complete Chlorine
67%
Lean on my pride Cut My Lip
67%
I'll be right there Jumpsuit
67%
If you need anyone Jumpsuit
67%
For now, I will stay alive Leave the City
67%
But the masters and mixes Legend
67%
And ever since the seventh grade Levitate
67%
I know I shouldn't say this Levitate
67%
I probably shouldn't show you, but it's way too late Levitate
67%
Don't feed me to the vultures Levitate
67%
He's got no friends close, but those who know him most know Morph
67%
When choices end My Blood
67%
They're calling for your head and they're calling for your name My Blood
67%
If they're here to smoke, know I'll go with you My Blood
67%
What's my problem? Neon Gravestones
67%
You won't mourn a day and you'll move onto someone else Neon Gravestones
67%
Just pleading that it does not get glorified Neon Gravestones
67%
I am on an island, no one to confide Pet Cheetah
67%
And you know you're a terrible sight The Hype
67%
I felt I was invincible, you wrapped around my head Chlorine
64%
Danger in the fabric of this thing I made Levitate
64%
For 'above' is blind belief, and 'under' is sword to sleeve Morph
64%
And pull my pin My Blood
64%
We glorify those even more when they... Neon Gravestones
64%
My opinion, it's real convenient Neon Gravestones
64%
Don't get me wrong, the rise in awareness Neon Gravestones
64%
I've trained him to make me these beats Pet Cheetah
64%
But if I'm feeling Smithereens
64%
Began with bullet, now add fire to the proof Bandito
63%
They know that it's almost over Leave the City
63%
They know what I mean Leave the City
63%
My goodbye Legend
63%
Keep your wooden wedges under doors Levitate
63%
For 'if' is purely panic, and 'when' is solemn sorrow Morph
63%
Ones and zeroes, ergo this symphony Morph
63%
I'm fearless when I hear this on the low Nico And The Niners
63%
Sometimes I feel cold, even paralyzed The Hype
63%
But I can hear my way around The Hype
63%
But you'll have to grab my throat and lift me in the air Jumpsuit
62%
I learned to fire-breathe Levitate
62%
No, no we are not just graffiti on a passing train Levitate
62%
Find your grandparents or someone of age Neon Gravestones
62%
What I say when I want to be enough Nico And The Niners
62%
Like neon inside the glass, they form my brain Bandito
60%
(A weathered flag that's by the sea) Chlorine
60%
Isn't what I want Cut My Lip
60%
I've used up all I've collected Leave the City
60%
My heart is with you hiding, but my mind's not made Levitate
60%
And one invades today, while the other spies tomorrow Morph
60%
And that's when going 'under' starts to take my wonder Morph
60%
I'm just a ghost Morph
60%
He goes by Nico Morph
60%
I'll bomb down on them, I'm coming through My Blood
60%
Communicating, further engraving Neon Gravestones
60%
I could give up, and boost up my reputation Neon Gravestones
60%
But they won't get them Neon Gravestones
60%
We'll find a way to pay for it Nico And The Niners
60%
I'ma get mine and get going Pet Cheetah
60%
Can't describe just what I'm feeling Smithereens
60%
Then the day that it happened Legend
58%
I look forward to having Legend
58%
Cowards only come through when the hour's late Levitate
58%
When I'd hear him mock me, that's almost stopped me Morph
58%
I could use the streams and extra conversations Neon Gravestones
58%
My house is the one where the vultures are perched on the roof Pet Cheetah
58%
In city, I feel my spirit is contained Bandito
57%
Venom on my tongue, dependent at times Chlorine
57%
I'll keep on goin' back Cut My Lip
57%
It's only time before they show me Leave the City
57%
Chorus, verse, chorus, verse now here comes the eight Levitate
57%
For now I see that 'if' and 'when' are truly different cries Morph
57%
No, you don't need to run My Blood
57%
If there comes a day My Blood
57%
And hang their banner from a ceiling Neon Gravestones
57%
It's with the people we praise who may have assisted Neon Gravestones
57%
I want to stop time Pet Cheetah
57%
This clique means so much to this dude Pet Cheetah
57%
Like nicknames they give themselves to uninspire Bandito
56%
Traveling around this sun Legend
56%
There's no above or a secret door Morph
56%
And my problem? Neon Gravestones
56%
But you'll be just fine The Hype
56%
It's glowing Leave the City
55%
The burning is so low it's concerning Leave the City
55%
If I lose to myself Neon Gravestones
55%
Now everybody knows Legend
54%
I recorded this last bit Legend
54%
I'll stay in my room Pet Cheetah
54%
If you decide, all is well Cut My Lip
53%
Can't stop thinking about if and when I'd die Morph
53%
They want to make you forget Nico And The Niners
53%
Either way it helps to hear these words bounce off of you Bandito
50%
I'm runnin' for my life Chlorine
50%
I despise you sometimes, I love to hate the fight Chlorine
50%
I'm a lion Cut My Lip
50%
Embers barely showing Leave the City
50%
Proof of life in the shadows Leave the City
50%
Moving hastily Leave the City
50%
My middle name Legend
50%
Did not know how to take it Legend
50%
In that slot I won't need to replace Levitate
50%
On the freezing ground that I'm sleeping on Levitate
50%
We're surrounded, and we're hounded Morph
50%
There's no 'above, ' or 'under, ' or 'around' it Morph
50%
If not to run straight through all our tormentors? Morph
50%
I'll shred them all My Blood
50%
They would host and post a celebration Neon Gravestones
50%
Our words are loud, but now I'm talking action Neon Gravestones
50%
We don't get enough love? Neon Gravestones
50%
Is beating a stigma that no longer scares us Neon Gravestones
50%
But for sake of discussion, in spirit of fairness Neon Gravestones
50%
Start a mob and you can be quite certain Nico And The Niners
50%
I got your six while you're working votes Smithereens
50%
Yeah, they might be talking behind your head The Hype
50%
Call, call, call Neon Gravestones
48%
When in between two places Bandito
47%
Couldn't take the pace of change Leave the City
47%
Alright Legend
47%
And though I feed on things that fell Levitate
47%
Eight days straight, eight hours each and not one line Pet Cheetah
47%
It could make him afraid of his music Pet Cheetah
47%
I plan my escape from walls they confined Chlorine
46%
But you'll have to tie me down and then break both my hands Jumpsuit
46%
Will take too long to finish to show you Legend
46%
Are we still in love, and is it possible we feel the same? Morph
46%
What are we here for Morph
46%
I don't mind at all Cut My Lip
45%
A lunch with you again Legend
45%
Keep your wits about you while you got 'em Neon Gravestones
45%
And be scared to death he could lose it Pet Cheetah
45%
Felt it in my youth, feel it when I'm old Jumpsuit
44%
It might take some friends and a warmer shirt The Hype
44%
Know I'll keep movin' Cut My Lip
43%
This culture is a poacher of overexposure, not today Levitate
43%
So I'll take this beat, I should delete to exercise Pet Cheetah
43%
I'm done with tip-toeing Pet Cheetah
43%
(So where are ya?) Chlorine
42%
These faces facing me Leave the City
42%
Now show up, show up Levitate
42%
It won't resonate in our minds Neon Gravestones
42%
But I know that I'm going low Bandito
40%
The softest echo could be enough for me to make it through Bandito
40%
The last two lines may read incorrect until said Chlorine
40%
I keep on goin' back Cut My Lip
40%
Now they know it like we both knew for some time I'd say Levitate
40%
But this is not enough Levitate
40%
At least they all know all they hear comes from a place Levitate
40%
What they throw at me's too slow Morph
40%
When everyone you thought you knew My Blood
40%
I'm showing my faces in just enough places Pet Cheetah
40%
'Cause they know that when it goes out Leave the City
38%
It's a glorious gone Leave the City
38%
And sever all I knew, yeah, sever all Levitate
38%
Down from the ledges Levitate
38%
But compensation feels a lot like rising up to dominate by track two Levitate
38%
'Cause your wits are first to go while you're problem-solving Neon Gravestones
38%
You know I had to do one Smithereens
38%
You were here when I wrote this Legend
36%
This is not what you thought Levitate
36%
Sleep in a well-lit room, don't let the shadow through Levitate
33%
You don't need to run My Blood
33%
Like it's a win and right before we turn on them Neon Gravestones
33%
I've got to step through or I'll dissipate The Hype
33%
But you don't get thick skin without getting burnt The Hype
33%
Why no one ever comes back with details from beyond Leave the City
30%
When your eyes did not know me like I know you Legend
30%
They say "How could he go if he's got everything?" Neon Gravestones
30%
Get behind me Pet Cheetah
30%
(It's been a little while) Chlorine
29%
Dancing on my plans Leave the City
29%
Please, keep me from, please, keep me Levitate
29%
I can feel pressure start to possess my mind Pet Cheetah
29%
Don't get it twisted Neon Gravestones
25%
I bet this nepotistic mindset Pet Cheetah
25%
And you know Smithereens
25%
And where're our blood needs to be Bandito
20%
Will help us get ours as we're growing Pet Cheetah
20%
I thought I could depend on my weekends Levitate
17%
I have singed my hands Leave the City
13%
No matching quizzes found
Score Distribution
Percent of People with Each Score
Percentile by Number Answered
Your Score History
You have not taken this quiz